000 00376nam a22001457a 4500
999 _c8968
_d8968
003 GBCCL
005 20241126110702.0
008 220208b ||||| |||| 00| 0 eng d
040 _cGBC
082 _aVER 252
_bSAR
245 _aSarmon siamte sarmon/
_ccompiled by Piangzathang
260 _aLamka:
_bVungthang and Nengzatun,
_c1965.
300 _a174p. ;
942 _2ddc
_cBK
_01